书目信息 |
| 题名: |
地基与工业建筑抗震
|
|
| 作者: | ;冶金部建筑研究总院 , 西安冶金建筑学院 编 | |
| 分册: | ||
| 出版信息: | 北京 地震出版社 1984 |
|
| 页数: | 319页 | |
| 开本: | 26cm | |
| 丛书名: | ||
| 单 册: | ||
| 中图分类: | TU435 | |
| 科图分类: | ||
| 主题词: | 土力学 | |
| 电子资源: | ||
| ISBN: | ||
| 000 | 00758nam0 2200253 45 | |
| 001 | 0184011565 | |
| 005 | 20040517094536.6 | |
| 010 | @dCNY3.15 | |
| 091 | @a13180.230 | |
| 100 | @a19950603d1984 em y0chiy0121 ea | |
| 101 | 0 | @achi |
| 102 | @aCN@b110000 | |
| 105 | @ay z 000yy | |
| 106 | @ar | |
| 200 | 10 | @a地基与工业建筑抗震@Adi ji yu gong ye jian zhu kang zhen@f冶金部建筑研究总院,西安冶金建筑学院编 |
| 210 | @a北京@c地震出版社@d1984 | |
| 215 | @a319页@d26cm | |
| 606 | 0 | @a土力学 |
| 690 | @aTU435 | |
| 711 | 02 | @a冶金部建筑研究总院@Aye jin bu jian zhu yan jiu zong yuan@4编 |
| 711 | 02 | @a西安冶金建筑学院@Axi an ye jin jian zhu xue yuan@4编 |
| 801 | 0 | @aCN@b上海图书馆@c20040517 |
| 801 | 2 | @aCN@bNLC@c20040517 |
| 905 | @f1@b110919@dTU435@e57 | |
| 地基与工业建筑抗震/冶金部建筑研究总院,西安冶金建筑学院编.-北京:地震出版社,1984 |
| 319页;26cm |
| ISBN :CNY3.15 |
| ● |
| 相关链接 |
|
|
|
|
正题名:地基与工业建筑抗震
索取号:TU435/57
 
预约/预借
| 序号 | 登录号 | 条形码 | 馆藏地/架位号 | 状态 | 备注 |
| 1 | 0110919 | 001484888 | 第三借阅区/ [索取号:TU435/57] | 在馆 | |
| 2 | 0110920 | 001484815 | 第二样本阅览室/ [索取号:TU435/57] | 在馆 |